Normal view
MARC view
Entry Nombre personal
001 - NÚMERO DE CONTROL
- campo de control: 175635
003 - IDENTIFICADOR DEL NÚMERO DE CONTROL
- campo de control: OSt
005 - FECHA Y HORA DE LA ÚLTIMA TRANSACCIÓN
- campo de control: 20220329144345.0
008 - DATOS DE LONGITUD FIJA
- campo de control de longitud fija: 220329|| aca||aabn | a|a d
040 ## - FUENTE DE LA CATALOGACIÓN
- Centro catalogador/agencia de origen: OSt
- Centro/agencia transcriptor: OSt
100 ## - ENCABEZAMIENTO-NOMBRE DE PERSONA
- Nombre de persona: Armando Nopala Tenango
670 ## - FUENTE DE DATOS ENCONTRADOS
- Cita de la fuente: Work cat.: (OSt)109705: Nopala Tenango, Diego 132335, Evaluación del manejo químico de Peronosclerospora sorghi [(Weston & Uppal) Shaw] para maíz (Zea mays L.) en Tepalcingo, Morelos /, 2016.
